000 00780nam a22002537a 4500
003 dpl
005 20170124110205.0
008 161130b xxu||||| |||| 00| 0 eng d
010 _aA-999249
020 _c75.00
_a8120316061
035 _aA-999249
037 _bCen Lib/Ret
040 _aDPL
_bEN
_ctit
082 _a005.396
_bBUC
100 _aBuchanan, Timothy
_937158
245 _a10 minute guide to people soft /
_cby Timothy Buchanan
260 _aNew Delhi
_bPrintice-Hall of India
_c1999
270 _aM-97, Connaught Circus
_bNew Delhi
_e110001
300 _av,198p. :
_c20cm(Hb)
_bill.
500 _aIncludes index
650 _aPeopleSoft software
_937159
650 _aComputer software--Development
_937160
942 _2ddc
_cEN
_h005.396
_mBUC
999 _c133203
_d133203